O castelo do Barão de Ferro (Registo nº 201075)

Detalhes MARC
000 -Etiqueta do registo
Valores 00728nam 22002173 4500
021 ## - Número do Depósito Legal
Código do país Portugal
Número 22960/88
100 ## - Dados gerais de processamento
Dados gerais 20260309d u||y0pory50 ba
200 ## - Titulo e menção de responsabilidade
Título próprio O castelo do Barão de Ferro
Informação de outro título uma aventura das personagens criadas por Enid Blyton
Primeira menção de responsabilidade texto Serge Rosenzweig, desenho Carlo Marcello
Outras menções de responsabilidade tradução Ana Maria Rabaça
210 ## - Publicação
Local de publicação Lisboa
Nome do editor Editorial Notícias
Data de publicação cop. 1985
215 ## - Descrição física 
Paginação / Volumes 46 p.
Outras indicações físicas il. ; brochado
Dimensões 29 cm
225 ## - Colecção 
Título próprio da colecção Os cinco em Banda Desenhada
606 ## - Nome comum usado como assunto
ID Autoridade 1586
Palavra de ordem Desenho Artístico
610 ## - Termos não controlados
Palavra de ordem Banda Desenhada
675 ## - CDU
Notação 74
Edição PT
Língua por
700 ## - Autor principal (pessoa individual)
ID Autoridade 16725
Apelido Rosenzweig
Nome Serge
701 ## - Co-autor principal (pessoa individual)
ID Autoridade 16726
Apelido Marcello
Nome Carlo
801 ## - Fonte de origem
País PT
Agência BMMN
Regras de catalogação RPC
830 ## - Notas gerais do catalogador
Criado por Isabel
990 ## - Elementos KOHA
Tipo de documento Livro
Exemplares
Situação do levantamento Biblioteca de origem Código de barras Cota Permissão de empréstimo Tipo de documento Forma de aquisição
  Biblioteca Municipal de Montemor-o-Novo 30356 74 ROS|AJ   Livro Compra

Powered by Koha